| 000 | 00853cam a2200265 a 4500 | ||
|---|---|---|---|
| 001 | 1485627 | ||
| 003 | OSt | ||
| 005 | 20240626122428.0 | ||
| 008 | 870929s1987 nyua 001 0 eng | ||
| 010 | _a 87179094 | ||
| 020 | _a0393955966 (pbk.) | ||
| 040 |
_aDLC _cDLC _dDLC |
||
| 050 | 0 | 0 |
_aQA76.73.P2 _bF65 1987 |
| 082 | 0 | 0 |
_a005.13 FOL 1987 _219 |
| 100 | 1 |
_aFolts, James A.; Johnson, Michael; Beekman, George _96333 |
|
| 245 | 1 | 0 |
_aOh! Turbo Pascal! / _cJames Folts, Michael Johnson, George Beekman. |
| 260 |
_aNew York : _bW.W. Norton, _c1987. |
||
| 300 |
_axi, 125 p. : _bill. ; _c24 cm. |
||
| 500 | _aIncludes index. | ||
| 630 | 0 | 0 |
_aTurbo Pascal (Computer file) _92144 |
| 650 | 0 |
_aPascal (Computer program language) _92145 |
|
| 906 |
_a7 _bcbc _corignew _d2 _encip _f19 _gy-gencatlg |
||
| 942 |
_2ddc _cSLOAN |
||
| 999 |
_c2706 _d2706 |
||